<?xml version="1.0" encoding="UTF-8"?><?xml-stylesheet type="text/xsl" href="static/style.xsl"?><OAI-PMH xmlns="http://www.openarchives.org/OAI/2.0/" xmlns:xsi="http://www.w3.org/2001/XMLSchema-instance" xsi:schemaLocation="http://www.openarchives.org/OAI/2.0/ http://www.openarchives.org/OAI/2.0/OAI-PMH.xsd"><responseDate>2026-04-17T04:29:55Z</responseDate><request verb="GetRecord" identifier="oai:www.recercat.cat:2117/444619" metadataPrefix="marc">https://recercat.cat/oai/request</request><GetRecord><record><header><identifier>oai:recercat.cat:2117/444619</identifier><datestamp>2026-03-08T00:08:35Z</datestamp><setSpec>com_2072_1033</setSpec><setSpec>col_2072_452949</setSpec></header><metadata><record xmlns="http://www.loc.gov/MARC21/slim" xmlns:dcterms="http://purl.org/dc/terms/" xmlns:xsi="http://www.w3.org/2001/XMLSchema-instance" xmlns:doc="http://www.lyncode.com/xoai" xsi:schemaLocation="http://www.loc.gov/MARC21/slim http://www.loc.gov/standards/marcxml/schema/MARC21slim.xsd">
   <leader>00925njm 22002777a 4500</leader>
   <datafield ind2=" " ind1=" " tag="042">
      <subfield code="a">dc</subfield>
   </datafield>
   <datafield ind2=" " ind1=" " tag="720">
      <subfield code="a">Vallespin Toro, Nuria</subfield>
      <subfield code="e">author</subfield>
   </datafield>
   <datafield ind2=" " ind1=" " tag="720">
      <subfield code="a">Servando Carrillo, Rubén</subfield>
      <subfield code="e">author</subfield>
   </datafield>
   <datafield ind2=" " ind1=" " tag="720">
      <subfield code="a">Cano Ciborro, Víctor</subfield>
      <subfield code="e">author</subfield>
   </datafield>
   <datafield ind2=" " ind1=" " tag="720">
      <subfield code="a">Gutiérrez Rodríguez, Orlando</subfield>
      <subfield code="e">author</subfield>
   </datafield>
   <datafield ind2=" " ind1=" " tag="260">
      <subfield code="c">2025-10-28</subfield>
   </datafield>
   <datafield ind2=" " ind1=" " tag="520">
      <subfield code="a">Se presenta un taller vertical intensivo (3 días) con alumnado de 1º a 5º curso que activa la imaginación material y el pensamiento situado desde una perspectiva post-humana. Bajo el enfoque Research by Design, sigue un protocolo replicable que encadena las acciones: dibujo colaborativo (cadáver exquisito); modelado físico; escaneo e impresión 3D; construcción del hábitat analógico; collage conceptual; entrenamiento y uso de IA para explorar atmósferas y materialidades; y relato final en presentación/vídeo. El proceso enfatiza el viaje entre lo analógico y lo digital y la transferencia entre niveles (mentoría entre iguales, contraste de destrezas). Los resultados son prototipos físico-digitales que traducen ideas entre medios, escalas y agencias, desplazando el foco del “objeto bonito” hacia reglas, cuidados y convivencias. La principal aportación docente es un formato de bajo coste que articula dibujo, fabricación digital e IA con narrativa visual, reforzando el trabajo en equipo, pensamiento espacial, prototipado rápido y comunicación crítica.</subfield>
   </datafield>
   <datafield ind2=" " ind1=" " tag="520">
      <subfield code="a">An intensive vertical workshop (3 days) with first- to fifth-year students that activates material imagination and situated thinking from a posthuman perspective. Framed within Research by Design, it follows a replicable protocol chaining: collaborative drawing (cadavre exquis); physical modeling; 3D scanning and printing; construction of the analog habitat; conceptual collage; AI model training and use to explore atmospheres and materialities; and a final presentation/video. The process emphasizes the journey between analog and digital and cross-level transfer (peer mentoring, contrasting skills). The outcomes are physical–digital prototypes that translate ideas across media, scales, and agencies, shifting the focus from the “pretty object” to rules, care, and coexistence. The main educational contribution is a low-cost format that weaves drawing, digital fabrication, and AI with visual narrative, strengthening teamwork, spatial thinking, prototyping, and communication.</subfield>
   </datafield>
   <datafield ind2=" " ind1=" " tag="520">
      <subfield code="a">El Congreso (22893/OC/25) ha sido financiado por la Consejería de Medio Ambiente, Universidades, Investigación y Mar Menor, a través de la Fundación Séneca-Agencia de Ciencia y Tecnología de la Región de Murcia (http://www.fseneca.es) con cargo al Programa Regional de Movilidad, Colaboración internacional e Intercambio de Conocimiento “Jiménez de la Espada” en el marco de la convocatoria de ayudas a la organización de congresos y reuniones científico-técnicas (plan de actuación 2025). Agradecimientos: Especial agradecimiento a todo el estudiantado que participó en el taller intensivo: Elena Pérez Contreras, Angela Rodríguez Castillo, Florinda Rodríguez Salazar, Andrea Xiao Barragán Martínez, Arantza Díaz De la Vega Catena, Alejandro Quesada Pérez, Andrea Delgado del Castillo, Pablo Trujillo Morales, Alexia De la Rosa Cabello, Alanis Hernández Álvarez, Javier Hernández Felipe, Sara Cruz Francos, Alejandro Dávila Pérez, Ana Victoria De Ángel Martín, Jaime Rodríguez Pena, Laura González Dios, María Barroso Arteaga, Sara Reale, María Borges Martín, Pablo Adán Afonso, Estela Rodríguez Martín y Carmen Toledano.</subfield>
   </datafield>
   <datafield ind2=" " ind1=" " tag="520">
      <subfield code="a">Peer Reviewed</subfield>
   </datafield>
   <datafield tag="653" ind2=" " ind1=" ">
      <subfield code="a">Àrees temàtiques de la UPC::Arquitectura</subfield>
   </datafield>
   <datafield tag="653" ind2=" " ind1=" ">
      <subfield code="a">Àrees temàtiques de la UPC::Ensenyament i aprenentatge</subfield>
   </datafield>
   <datafield tag="653" ind2=" " ind1=" ">
      <subfield code="a">Àrees temàtiques de la UPC::Informàtica::Intel·ligència artificial</subfield>
   </datafield>
   <datafield tag="653" ind2=" " ind1=" ">
      <subfield code="a">Architecture -- Study and teaching (Higher)</subfield>
   </datafield>
   <datafield tag="653" ind2=" " ind1=" ">
      <subfield code="a">Problem-based learning</subfield>
   </datafield>
   <datafield tag="653" ind2=" " ind1=" ">
      <subfield code="a">Team learning approach in education</subfield>
   </datafield>
   <datafield tag="653" ind2=" " ind1=" ">
      <subfield code="a">Artificial intelligence -- Educational applications</subfield>
   </datafield>
   <datafield tag="653" ind2=" " ind1=" ">
      <subfield code="a">Hábitat post-humano</subfield>
   </datafield>
   <datafield tag="653" ind2=" " ind1=" ">
      <subfield code="a">Arquitectura especulativa</subfield>
   </datafield>
   <datafield tag="653" ind2=" " ind1=" ">
      <subfield code="a">Escaneo e impresión 3D</subfield>
   </datafield>
   <datafield tag="653" ind2=" " ind1=" ">
      <subfield code="a">Inteligencia artificial</subfield>
   </datafield>
   <datafield tag="653" ind2=" " ind1=" ">
      <subfield code="a">Cadáver exquisito</subfield>
   </datafield>
   <datafield tag="653" ind2=" " ind1=" ">
      <subfield code="a">Post-human habitat</subfield>
   </datafield>
   <datafield tag="653" ind2=" " ind1=" ">
      <subfield code="a">Speculative architecture</subfield>
   </datafield>
   <datafield tag="653" ind2=" " ind1=" ">
      <subfield code="a">3D scanning and printing</subfield>
   </datafield>
   <datafield tag="653" ind2=" " ind1=" ">
      <subfield code="a">Artificial intelligence</subfield>
   </datafield>
   <datafield tag="653" ind2=" " ind1=" ">
      <subfield code="a">Exquisite corpse</subfield>
   </datafield>
   <datafield tag="653" ind2=" " ind1=" ">
      <subfield code="a">Arquitectura -- Ensenyament universitari</subfield>
   </datafield>
   <datafield tag="653" ind2=" " ind1=" ">
      <subfield code="a">Aprenentatge basat en problemes</subfield>
   </datafield>
   <datafield tag="653" ind2=" " ind1=" ">
      <subfield code="a">Aprenentatge --Treball en equip</subfield>
   </datafield>
   <datafield tag="653" ind2=" " ind1=" ">
      <subfield code="a">Intel·ligència artificial -- Aplicacions a l'educació</subfield>
   </datafield>
   <datafield ind2="0" ind1="0" tag="245">
      <subfield code="a">Arquitectura post-humana: crea tu bestia “exquisita” y diseña su hogar</subfield>
   </datafield>
   <datafield ind2="0" ind1="0" tag="245">
      <subfield code="a">Post-human architecture: create your “exquisite" beast and design its home</subfield>
   </datafield>
</record></metadata></record></GetRecord></OAI-PMH>